| Tag |
First Indicator |
Second Indicator |
Subfields |
| LEADER |
00000cam a2200000 a 4500 |
| 001 |
in00003468821 |
| 005 |
20151206104815.0 |
| 008 |
841217s1984 is a 00010arus d |
| 035 |
|
|
|a (OCoLC)ocm11501962
|
| 040 |
|
|
|a UIU
|c UIU
|d IXA
|d TNY
|d UtOrBLW
|
| 043 |
|
|
|a e-ur---
|a a-is---
|
| 090 |
|
|
|a JV8181
|b .B875 1984
|
| 092 |
0 |
|
|a 325.247095694
|b B979v
|2 19
|
| 100 |
1 |
|
|a Buṭman, Hilel,
|d 1932-
|
| 245 |
1 |
0 |
|a Vremi͡a molchatʹ i vremi͡a govoritʹ /
|c Gilelʹ Butman ; risunki M. Dymshit͡sa.
|
| 264 |
|
1 |
|a Telʹ Aviv :
|b Biblioteka-alii͡a,
|c 1984.
|
| 300 |
|
|
|a 235 pages :
|b illustrations ;
|c 18 cm.
|
| 336 |
|
|
|a text
|b txt
|2 rdacontent
|
| 337 |
|
|
|a unmediated
|b n
|2 rdamedia
|
| 338 |
|
|
|a volume
|b nc
|2 rdacarrier
|
| 490 |
1 |
|
|a Biblioteka "Alii͡a." ;
|v 109
|
| 500 |
|
|
|a Title on verso of title page: There is time to be silent and there is a time to talk.
|
| 500 |
|
|
|a Continuation of: Leningrad -- Ierusalim s dolgoĭ peresadkoĭ.
|
| 651 |
|
0 |
|a Soviet Union
|x Emigration and immigration.
|
| 651 |
|
0 |
|a Israel
|x Emigration and immigration.
|
| 650 |
|
0 |
|a Jews
|x Migrations.
|
| 650 |
|
0 |
|a Political prisoners
|z Soviet Union
|v Biography.
|
| 700 |
1 |
|
|a Dymshit͡s, M.
|
| 740 |
0 |
|
|a There is time to be silent and there is time to talk.
|
| 830 |
|
0 |
|a Biblioteka "Alii͡a" ;
|v 109.
|
| 999 |
|
|
|a MARS
|
| 999 |
f |
f |
|s ea641c15-d4b6-37d4-af8e-eb6942175a83
|i 5c9f0c3f-0cbb-3d9e-9d6d-61b7d3f2cb30
|t 0
|
| 952 |
f |
f |
|p ric
|a Texas A&M University
|b Rellis Campus
|c Joint Library Facility
|d Remote Storage
|t 0
|e JV8181 .B875 1984
|h Library of Congress classification
|i unmediated -- volume
|m 32060004263600
|
| 998 |
f |
f |
|a JV8181 .B875 1984
|t 0
|l Remote Storage
|